000
00370nam a2200133Ia 4500
008
151001s9999||||xx |||||||||||||| ||und||
100
_a
कृष्णकांत झा मठपति
245
_a
अठारह सौ सत्तावन
250
_a
1
260
_b
लिट्रेसी
260
_c
2001
300
_a
280
365
_b
18
999
_c
977957
_d
977954